| 000 | 00772nam a2200229Ia 4500 | ||
|---|---|---|---|
| 003 | GCL | ||
| 008 | 140319s9999 xx 000 0 ara d | ||
| 040 |
_aGCL / _cGCL |
||
| 082 | 0 | 4 |
_a372.218 _bد ك |
| 100 | 1 | _aرشدى فام منصور(مترجم) | |
| 245 | 1 | 0 |
_aكيف نفهم سلوك الاطفال / _cرشدى فام منصور(مترجم) |
| 700 | 1 | _aمحمد السيد روحة | |
| 700 | 1 | _aدريسكول، جرترود | |
| 300 | _a150 ص | ||
| 490 |
_aالتعليم فى ضوء التجارب _v0 |
||
| 650 | 0 | 4 | _aرياض الاطفال |
| 650 | 0 | 4 | _aالفروق الفردية فى التعليم |
| 650 | 0 | 4 | _aالتربويون |
| 650 | 0 | 4 | _aالاطفال الموهوبون |
| 650 | 0 | 4 | _aالاطفال - علم نفس |
| 942 |
_2ddc _cBK |
||
| 999 |
_c37742 _d37742 |
||